All Magic: The Gathering Sets - Statistics

General Stats
  • This quiz has been taken 56 times
  • The average score is 68 of 138
Answer Stats
Release Date Answer % Correct
August 5, 1993 Alpha
93%
October 4, 1993 Beta
93%
December 1993 Arabian Nights
87%
March 24, 1997 Fifth Edition
80%
July 28, 2003 Eighth Edition
73%
April 1995 Fourth Edition
73%
June 1995 Ice Age
73%
September 30, 2011 Innistrad
73%
June 1994 Legends
73%
September 26, 2025 Marvel's Spider-Man
73%
July 29, 2005 Ninth Edition
73%
April 11, 1994 Revised Edition
73%
April 11, 2001 Seventh Edition
73%
April 28, 1999 Sixth Edition
73%
April 23, 2021 Strixhaven: School of Mages
73%
July 13, 2007 Tenth Edition
73%
November 18, 2022 The Brothers' War
73%
August 1994 The Dark
73%
February 4, 2005 Betrayers of Kamigawa
67%
July 21, 2006 Coldsnap
67%
October 12, 2007 Lorwyn
67%
February 9, 2024 Murders at Karlov Manor
67%
June 3, 2005 Saviors of Kamigawa
67%
March 6, 2026 Teenage Mutant Ninja Turtles
67%
September 27, 2013 Theros
67%
December 1, 1993 Unlimited
67%
February 6, 2004 Darksteel
60%
April 27, 2018 Dominaria
60%
June 13, 2025 Final Fantasy
60%
September 29, 2017 Ixalan
60%
July 16, 2010 Magic 2011
60%
July 15, 2011 Magic 2012
60%
July 18, 2014 Magic 2015
60%
October 2, 2003 Mirrodin
60%
February 2, 2007 Planar Chaos
60%
October 7, 2005 Ravnica: City of Guilds
60%
October 2, 2009 Zendikar
60%
June 10, 1996 Alliances
53%
November 21, 2025 Avatar: The Last Airbender
53%
August 1, 2025 Edge of Eternities
53%
November 1994 Fallen Empires
53%
June 4, 2004 Fifth Dawn
53%
February 3, 2006 Guildpact
53%
September 24, 2021 Innistrad: Midnight Hunt
53%
October 2, 2000 Invasion
53%
February 18, 2022 Kamigawa: Neon Dynasty
53%
September 26, 2014 Khans of Tarkir
53%
January 23, 2026 Lorwyn Eclipsed
53%
July 17, 2009 Magic 2010
53%
July 19, 2013 Magic 2014
53%
April 21, 2023 March of the Machine
53%
October 7, 1996 Mirage
53%
May 13, 2011 New Phyrexia
53%
April 19, 2024 Outlaws of Thunder Junction
53%
October 5, 2012 Return to Ravnica
53%
April 23, 2010 Rise of the Eldrazi
53%
May 26, 2003 Scourge
53%
May 2, 2008 Shadowmoor
53%
October 3, 2008 Shards of Alara
53%
April 11, 2025 Tarkir: Dragonstorm
53%
March 1994 Antiquities
47%
August 2, 2024 Bloomburrow
47%
October 1, 2004 Champions of Kamigawa
47%
May 5, 2006 Dissension
47%
March 27, 2015 Dragons of Tarkir
47%
September 27, 2024 Duskmourn: House of Horror
47%
July 22, 2016 Eldritch Moon
47%
October 5, 2018 Guilds of Ravnica
47%
October 1995 Homelands
47%
July 13, 2012 Magic 2013
47%
June 26, 2026 Marvel Super Heroes
47%
October 1, 2001 Odyssey
47%
February 10, 2023 Phyrexia: All Will Be One
47%
February 5, 2001 Planeshift
47%
October 2, 2026 Reality Fracture
47%
August 14, 2026 The Hobbit
47%
October 6, 2006 Time Spiral
47%
February 15, 1999 Urza's Legacy
47%
October 12, 1998 Urza's Saga
47%
April 28, 2017 Amonkhet
40%
October 2, 2015 Battle for Zendikar
40%
July 13, 2018 Core Set 2019
40%
July 12, 2019 Core Set 2020
40%
May 3, 2013 Dragon's Maze
40%
July 25, 2008 Eventide
40%
June 15, 1998 Exodus
40%
November 15, 2024 Foundations
40%
May 4, 2007 Future Sight
40%
July 14, 2017 Hour of Devastation
40%
May 15, 2020 Ikoria: Lair of Behemoths
40%
November 19, 2021 Innistrad: Crimson Vow
40%
May 27, 2002 Judgment
40%
September 30, 2016 Kaladesh
40%
February 5, 2021 Kaldheim
40%
October 4, 1999 Mercadian Masques
40%
February 4, 2011 Mirrodin Besieged
40%
February 1, 2008 Morningtide
40%
February 14, 2000 Nemesis
40%
April 24, 2026 Secrets of Strixhaven
40%
April 8, 2016 Shadows over Innistrad
40%
April 29, 2022 Streets of New Capenna
40%
March 2, 1998 Stronghold
40%
October 13, 1997 Tempest
40%
November 17, 2023 The Lost Caverns of Ixalan
40%
February 4, 2002 Torment
40%
June 7, 1999 Urza's Destiny
40%
May 3, 2019 War of the Spark
40%
June 9, 1997 Weatherlight
40%
September 25, 2020 Zendikar Rising
40%
February 14, 2025 Aetherdrift
33%
January 20, 2017 Aether Revolt
33%
April 30, 2009 Alara Reborn
33%
June 4, 2001 Apocalypse
33%
May 4, 2012 Avacyn Restored
33%
February 7, 2014 Born of the Gods
33%
July 3, 2020 Core Set 2021
33%
February 3, 2012 Dark Ascension
33%
September 9, 2022 Dominaria United
33%
January 23, 2015 Fate Reforged
33%
February 1, 2013 Gatecrash
33%
May 2, 2014 Journey into Nyx
33%
February 3, 2003 Legions
33%
May 12, 2023 March of the Machine: The Aftermath
33%
January 22, 2016 Oath of the Gatewatch
33%
June 5, 2000 Prophecy
33%
January 19, 2018 Rivals of Ixalan
33%
October 1, 2010 Scars of Mirrodin
33%
November 20, 2026 Star Trek
33%
February 3, 1997 Visions
33%
February 5, 2010 Worldwake
33%
February 6, 2009 Conflux
27%
July 17, 2015 Magic Origins
27%
October 7, 2002 Onslaught
27%
January 25, 2019 Ravnica Allegiance
27%
January 24, 2020 Theros Beyond Death
27%
October 4, 2019 Throne of Eldraine
27%
September 8, 2023 Wilds of Eldraine
27%
July 23, 2021 Dungeons & Dragons: Adventures in the Forgotten Realms
13%
No matching quizzes found
Score Distribution
Percent of People with Each Score
Percentile by Number Answered
Your Score History
You have not taken this quiz